Statistiques concernant Cours d'italien 6 - Au restaurant

Cliquez ici pour prendre le quiz!

Statistiques générales

  • Ce quiz a été pris 37 fois
  • Le résultat moyen est 11 sur 36

Statistiques - réponses

FranceseItaliano% Correct
MangerMangiare
100%
Le restaurantIl ristorante
89%
Avec des pâtesCon pasta
67%
Où pouvons nous manger ?Dove possiamo mangiare ?
56%
Le dînerLa cena
56%
S'il vous plaît !Per favore !
56%
Avec du rizCon riso
50%
Voilà le menu !Ecco il menu !
50%
Un dessertUn dolce
50%
Est-ce que tu veux manger ?Vuoi mangiare ?
50%
Le menu, s'il vous plaîtIl menu per favore !
44%
ChaudCaldo
39%
Du beurreDel burro
39%
Du painDel pane
39%
FroidFreddo
39%
Une saladeUn'insalata
39%
Moi aussiAnch'io
28%
Des pommes de terreDelle patate
22%
Une fourchetteUna forchetta
22%
Des fruitsDella frutta
17%
Où pouvons nous prendre le déjeuner ?Dove possiamo pranzare ?
17%
Est-ce que c'est un plat chaud ?E un piatto caldo ?
17%
Un couteauUn coltello
17%
Une cuillèreUn cucchiaio
17%
Des légumesDella verdura
11%
Des œufs brouillésDelle uova strapazzate
6%
Avez-vous un couteau s'il vous plaît ?Ha un coltello per favore ?
6%
Le petit déjeunerLa prima colazione
6%
Je vais prendre du poisson !Prendero il pesce !
6%
Qu'est ce que tu préfères manger, de la viande ou du poisson ?Cosa preferesci ? Carne o pesce ?
0%
Des œufs au platDelle uova al tegamino
0%
Des œufs à la coqueDelle uova o alla coque
0%
Oui, et très épicé également !Si, ed anche molto speziato
0%
Oui, je vous l'apporte tout de suiteSi, glielo porto subito
0%
Oui, je veux bienSi, ne ho voglia
0%
EpicéSpeziato
0%

Distribution des résultats

Percentile par nombre de réponses

% des personnes avec chaque résultat

Votre développement - résultats

Vous n’avez pas pris ce quiz